000 00981nam a22002651u 4500
001 04751
003 HDC
007 cr bn ---aaaaa
008 210117p9999 fo d 00 engg
040 _aHDC
100 _aAbang Sulaiman Abang Salleh
_eauthor
_91360
245 0 _aAttributes in Halal Standard: What is in the Mind of Consumers? / by
_cAbang Sulaiman Abang Salleh, Norazah Mohd Suki and Stephen Laison Sondoh Jr.
260 _a[no place] :
_b [publisher not identified] ,
_c [no year]
300 _a 1 online resource (15 pages)
336 _atext
_2rdacontent
337 _acomputer
_2rdamedia
338 _aonline resource
_2rdacarrier
650 _ahalal logo
_91692
650 _ahalal
_9294
650 _amarketing
_9378
856 _zRequest full-text at [email protected]
942 _2lcc
942 _cAR
942 _kJART-9999-001215
999 _c2076
_d2076